000 01949nam a2200553 i 4500
001 44836
003 KOSZ 005
005 20220311125615.0
008 040116s2003 pl a f f |001 0 pol
015 _aUWD 2004/1658
020 _a837326180X
035 _a991022244579705066
035 _a(PL-WaBN)b16001813-48omnis_nlop
035 _ab16001813
035 _a(OCoLC)749555912
035 _azz2004960269
035 _a(PL)b0000001600181
035 _a(EXLNZ-48OMNIS_NETWORK)9910319547205606
040 _aWA N
_cWA N
_dKOSZ 005/HR
041 0 _apol
080 _a338.47(4)
080 _a338.47(438)
080 _a(075.8)
100 1 _aGrzywacz, Waldemar
_d(1932-2020)
_eAutor
245 1 0 _aPolityka transportowa /
_cWaldemar Grzywacz, Krystyna Wojewódzka-Król, Włodzimierz Rydzkowski.
250 _aWyd. 3 zm. i poszerz.
260 _aGdańsk :
_bWydaw. Uniwersytetu Gdańskiego,
_c2003.
300 _a407 s. :
_bmapy (w tym kolor.), rys., tab., wykr. ;
_c24 cm.
336 _aTekst
_btxt
_2rdacontent
337 _aBez urządzenia pośredniczącego
_bn
_2rdamedia
338 _aWolumin
_bnc
_2rdacarrier
380 _aKsiążki
380 _aPublikacje dydaktyczne
385 _mPoziom nauczania
_aSzkoły wyższe
388 _a2001-
504 _aBibliogr. s. 396-401. Indeks.
546 _aW aneksie tekst częśc. ang.
650 7 _aPolityka transportowa
_2DBN
651 7 _aEuropa
_2DBN
651 7 _aPolska
_2DBN
655 7 _aPodręczniki akademickie
_2DBN
658 _aPolityka, politologia, administracja publiczna
700 1 _aWojewódzka-Król, Krystyna
_d(1948- )
_eAutor
710 2 _aWydawnictwo Uniwersytetu Gdańskiego
_4pbl
700 1 _aRydzkowski, Włodzimierz
_eAutor
856 _uhttp://koha.tu.koszalin.pl/cgi-bin/koha/opac-detail.pl?biblionumber=44836
_yKatalog online BPK
942 _2UKD
_cKS
999 _c44836
_d44836